Dog Breeds That Start With P - Statistics

General Stats
  • This quiz has been taken 25 times
  • The average score is 7 of 28
Answer Stats
Answer % Correct
Pomeranian
92%
Papillon
75%
Pug
75%
Pekingese
58%
Puli
58%
Pointer
50%
Pembroke Welsh Corgi
42%
Pumi
42%
Portuguese Water Dog
33%
Pyrenean Shepherd
25%
Pharaoh Hound
17%
Plott Hound
17%
Parson Russell Terrier
8%
Peruvian Inca Orchid
8%
Petit Basset Griffon Vendéen
8%
Pont-Audemer Spaniel
8%
Poodle(Miniature)
8%
Poodle(Standard)
8%
Poodle(Toy)
8%
Porcelaine
8%
Portuguese Podengo
8%
Portuguese Podengo Pequeno
8%
Portuguese Pointer
8%
Portuguese Sheepdog
8%
Presa Canario
8%
Pudel Pointer
8%
Pyrenean Mastiff
8%
Poland Lowland Sheepdog
0%
No matching quizzes found
Score Distribution
Percent of People with Each Score
Percentile by Number Answered
Your Score History
You have not taken this quiz